| 000 | 00695nam a2200241 a 4500 | ||
|---|---|---|---|
| 008 | |||
| 020 | _a0751403806 (pbk.) | ||
| 049 | _aMAIN | ||
| 090 | _aTD193 | ||
| 100 | 1 | _aAlloway, B. J. | |
| 245 | 1 | 0 |
_aChemical principles of environmental pollution / _cB.J. Alloway and D.C. Ayres. |
| 250 | _a2nd ed. | ||
| 260 |
_aLondon : _bBlackie Academic & Professional, _c1997. |
||
| 300 |
_axvii, 395 p. : _bill. ; _c25 cm. |
||
| 650 | 0 | _aPollution. | |
| 650 | 0 | _aEnvironmental chemistry. | |
| 700 | 1 | _aAyres, D. C. | |
| 907 |
_a.b10132545 _b17-08-04 _c12-08-04 |
||
| 003 | |||
| 005 | 20230123133807.0 | ||
| 040 | _cNUST | ||
| 942 |
_cBOOKS _kTD193 |
||
| 999 |
_c154739 _d154739 |
||